BASIC OF MINE VENTILATION (THROUGH EXAMINATION QUESION AND ANSWER) (Record no. 5657)

MARC details
000 -LEADER
fixed length control field 00391nam a22001457a 4500
005 - DATE AND TIME OF LATEST TRANSACTION
control field 20171205153731.0
008 - FIXED-LENGTH DATA ELEMENTS--GENERAL INFORMATION
fixed length control field 171205b xxu||||| |||| 00| 0 eng d
041 ## - LANGUAGE CODE
Language code of text/sound track or separate title eng
082 ## - DEWEY DECIMAL CLASSIFICATION NUMBER
Classification number 622.42
100 ## - MAIN ENTRY--AUTHOR NAME
Personal name SHYAM, P.C.
245 ## - TITLE STATEMENT
Title BASIC OF MINE VENTILATION (THROUGH EXAMINATION QUESION AND ANSWER)
Statement of responsibility, etc P.C. SHYAM
260 ## - PUBLICATION, DISTRIBUTION, ETC. (IMPRINT)
Place of publication DHANBAD
Name of publisher LOVELY PRAKASHAN
300 ## - PHYSICAL DESCRIPTION
Number of Pages 103Pp,
942 ## - ADDED ENTRY ELEMENTS (KOHA)
Koha item type Books
Holdings
Lost status Damaged status Collection code Home library Current library Shelving location Date acquired Source of acquisition Cost, normal purchase price Full call number Accession Number Koha item type
    MINING JRU Library JRU Library SHELF-100-B 05/12/2017 PURCHESS 100.00 622.42 22256 Books
    MINING JRU Library JRU Library SHELF-100-B 05/12/2017 PURCHESS 100.00 622.42 22257 Books
    MINING JRU Library JRU Library SHELF-100-B 05/12/2017 PURCHESS 100.00 622.42 22258 Books
    MINING JRU Library JRU Library SHELF-100-B 05/12/2017 PURCHESS 100.00 622.42 22259 Books
    MINING JRU Library JRU Library SHELF-100-B 05/12/2017 PURCHESS 100.00 622.42 22260 Books